Handbook of the common acute infectious diseases (Record no. 31624)

MARC details
000 -LEADER
fixed length control field 00691nam a2200157 a 4500
008 - FIXED-LENGTH DATA ELEMENTS--GENERAL INFORMATION
fixed length control field 110912s1949 ||||||||||||||||| || u
050 ## - LIBRARY OF CONGRESS CALL NUMBER
Classification number RC 111 Han
100 ## - MAIN ENTRY--PERSONAL NAME
Personal name Kugelmass, Newton
245 10 - TITLE STATEMENT
Title Handbook of the common acute infectious diseases
Statement of responsibility, etc. adapted from Clinical pediatrics by Newton Kugelmass
260 ## - PUBLICATION, DISTRIBUTION, ETC.
Place of publication, distribution, etc. New York:
Name of publisher, distributor, etc. Auralgan research division
Date of publication, distribution, etc. 1949
300 ## - PHYSICAL DESCRIPTION
Extent 89p.: ill.
350 ## -
-- 0.00
650 ## - SUBJECT ADDED ENTRY--TOPICAL TERM
Topical term or geographic name entry element UROLOGIC DISEASES
650 ## - SUBJECT ADDED ENTRY--TOPICAL TERM
Topical term or geographic name entry element COMMUNICABLE DISEASES--HANDBOOKS, MANUALS, ETC
995 ## -
-- MEDICAL LIBRARY OPEN ACCESS
-- 0.00
-- 900493
-- CBU-SCHOOL OF MEDICINE LIBRARY (Ndola)
-- 1
-- 0.00
-- REF RC 111 HAN
-- 1
-- AVAILABLE
-- Dec 7, 2011
-- 900493
-- Medical Library Open Access Collection
999 ## -
-- 31624
-- 31624
Holdings
Withdrawn status Lost status Source of classification or shelving scheme Damaged status Not for loan Permanent Location Current Location Shelving location Date acquired Total Checkouts Full call number Barcode Date last seen Price effective from Koha item type
          CBU-SCHOOL OF MEDICINE LIBRARY, NDOLA. CBU-SCHOOL OF MEDICINE LIBRARY, NDOLA.   11/30/2022   RC 111 Han 900493 11/30/2022 11/30/2022 MONOGRAPH